| 000 | 00805cam a22002533a 4500 | ||
|---|---|---|---|
| 001 | 3773 | ||
| 003 | PGUSA | ||
| 005 | 20140828083038.0 | ||
| 008 | 030201s2003||||xxu|||||s|||||000 | eng d | ||
| 040 |
_aPGUSA _beng |
||
| 042 | _adc | ||
| 050 | 4 | _aN | |
| 100 | 1 |
_aMorris, William, _d1834-1896 |
|
| 245 | 1 | 0 |
_aHopes and Fears for Art _h[electronic resource] / _cWilliam Morris |
| 260 |
_bProject Gutenberg, _c2003 |
||
| 505 | 0 | _aThe lesser arts -- The art of the people -- The beauty of life -- Making the best of it -- The prospects of architecture in civilization. | |
| 506 | _aPublic domain in the USA. | ||
| 516 | _aElectronic text | ||
| 653 | _aArt | ||
| 653 | _aArts and crafts movement | ||
| 830 | 0 |
_aProject Gutenberg _v3773 |
|
| 856 | 4 | 0 | _uhttp://www.gutenberg.org/ebooks/3773 |
| 942 | _cEB | ||
| 999 |
_c233102 _d233102 |
||